Fundamentals of nursing / (Record no. 60098)

MARC details
000 -LEADER
fixed length control field 00984nam a2200325 4500
005 - DATE AND TIME OF LATEST TRANSACTION
control field 20260323065022.0
008 - FIXED-LENGTH DATA ELEMENTS--GENERAL INFORMATION
fixed length control field 260109b xxu||||| |||| 00| 0 eng d
020 ## - INTERNATIONAL STANDARD BOOK NUMBER
International Standard Book Number 9780323327404
050 ## - LIBRARY OF CONGRESS CALL NUMBER
Classification number RT41
Item number .P68 2017
100 ## - MAIN ENTRY--PERSONAL NAME
Personal name Potter, Patricia Ann,
245 ## - TITLE STATEMENT
Title Fundamentals of nursing /
250 ## - EDITION STATEMENT
Edition statement 9th ed.
260 ## - PUBLICATION, DISTRIBUTION, ETC. (IMPRINT)
Place of publication, distribution, etc St. Louis, Missouri :
Name of publisher, distributor, etc Mosby Elsevier,
Date of publication, distribution, etc 2017
300 ## - PHYSICAL DESCRIPTION
Extent xix, 1365 p. :
Other physical details illus. (chiefly color) ;
500 ## - GENERAL NOTE
General note Includes bibliographical references and index
650 ## - SUBJECT ADDED ENTRY--TOPICAL TERM
Topical term or geographic name as entry element Nurse and patient
650 ## - SUBJECT ADDED ENTRY--TOPICAL TERM
Topical term or geographic name as entry element Nursing
650 ## - SUBJECT ADDED ENTRY--TOPICAL TERM
Topical term or geographic name as entry element Nursing
General subdivision Practice
650 ## - SUBJECT ADDED ENTRY--TOPICAL TERM
Topical term or geographic name as entry element Hemşirelik
650 ## - SUBJECT ADDED ENTRY--TOPICAL TERM
Topical term or geographic name as entry element Hemşirelik
General subdivision uygulama
650 ## - SUBJECT ADDED ENTRY--TOPICAL TERM
Topical term or geographic name as entry element Nursing
650 ## - SUBJECT ADDED ENTRY--TOPICAL TERM
Topical term or geographic name as entry element Nursing Care
650 ## - SUBJECT ADDED ENTRY--TOPICAL TERM
Topical term or geographic name as entry element Nurse-Patient Relations
650 ## - SUBJECT ADDED ENTRY--TOPICAL TERM
Topical term or geographic name as entry element Nursing Process
655 ## - INDEX TERM--GENRE/FORM
Source of term swd
Non-focus term Lehrbuch.
700 ## - ADDED ENTRY--PERSONAL NAME
Personal name Perry, Anne Griffin,
Relator term editor
700 ## - ADDED ENTRY--PERSONAL NAME
Personal name Hall, Amy
Relator term editor
Fuller form of name (Amy M.),
700 ## - ADDED ENTRY--PERSONAL NAME
Personal name Stockert, Patricia A.,
Relator term editor
942 ## - ADDED ENTRY ELEMENTS (KOHA)
Source of classification or shelving scheme Library of Congress Classification
Item type Book
Holdings
Withdrawn status Lost status Source of classification or shelving scheme Damaged status Not for loan Collection code Home library Current library Shelving location Date acquired Source of acquisition Cost, normal purchase price Total Checkouts Full call number Barcode Date last seen Copy number Price effective from Koha item type
    Library of Congress Classification     Non-fiction Bishop Okullu Memorial Library (Limuru Campus) Bishop Okullu Memorial Library (Limuru Campus) General Circulation 09/01/2026 donation 6370.00   RT41 .P68 2017 072912 09/01/2026 1 09/01/2026 Book
    Library of Congress Classification     Non-fiction Bishop Okullu Memorial Library (Limuru Campus) Bishop Okullu Memorial Library (Limuru Campus) General Circulation 23/02/2026 Donation- Pittsburgh 6370.00   RT41 .P68 2017 073111 23/02/2026 2 23/02/2026 Book